<?xml version="1.0" encoding="UTF-8"?>
<resp>
  <nextPage>https://data.bn.org.pl/api/networks/bibs.marcxml?marc=001+b1000000563400&amp;sinceId=1000000563401</nextPage>
  <collection>
    <record xmlns='http://www.loc.gov/MARC21/slim'><leader>01373nkm a2200433 i 4500</leader><controlfield tag='001'>b1000000563400</controlfield><controlfield tag='005'>20251216080817.0</controlfield><controlfield tag='007'>kj#ao##</controlfield><controlfield tag='008'>200416s1804    xx nnn            anger c</controlfield><controlfield tag='009'>9911471432805606</controlfield><datafield ind1=' ' ind2=' ' tag='035'><subfield code='a'>(PL)b1000000563400</subfield></datafield><datafield ind1=' ' ind2=' ' tag='040'><subfield code='a'>WA N</subfield><subfield code='c'>WA N</subfield><subfield code='d'>WA N</subfield></datafield><datafield ind1=' ' ind2=' ' tag='046'><subfield code='k'>1804~</subfield><subfield code='2'>edtf</subfield></datafield><datafield ind1='0' ind2='0' tag='245'><subfield code='a'>Ulrich von Rudenz in dem Schauspiel Wilhelm Tell.</subfield></datafield><datafield ind1=' ' ind2=' ' tag='260'><subfield code='c'>[nie przed 1804].</subfield></datafield><datafield ind1=' ' ind2=' ' tag='300'><subfield code='a'>1 grafika :</subfield><subfield code='b'>akwaforta, akwatinta, odbitka kolorowana ;</subfield><subfield code='c'>23,4x13,7 cm.</subfield></datafield><datafield ind1=' ' ind2=' ' tag='336'><subfield code='a'>Obraz</subfield><subfield code='b'>sti</subfield><subfield code='2'>rdacontent</subfield></datafield><datafield ind1=' ' ind2=' ' tag='337'><subfield code='a'>Bez urządzenia pośredniczącego</subfield><subfield code='b'>n</subfield><subfield code='2'>rdamedia</subfield></datafield><datafield ind1=' ' ind2=' ' tag='338'><subfield code='a'>Arkusz</subfield><subfield code='b'>nb</subfield><subfield code='2'>rdacarrier</subfield></datafield><datafield ind1=' ' ind2=' ' tag='380'><subfield code='a'>Grafiki</subfield></datafield><datafield ind1='1' ind2=' ' tag='388'><subfield code='a'>1801-1900</subfield></datafield><datafield ind1='0' ind2='7' tag='600'><subfield code='a'>Schiller, Friedrich</subfield><subfield code='d'>(1759-1805).</subfield><subfield code='t'>Wilhelm Tell</subfield><subfield code='2'>DBN</subfield></datafield><datafield ind1=' ' ind2='7' tag='648'><subfield code='a'>1801-1900</subfield><subfield code='2'>DBN</subfield></datafield><datafield ind1=' ' ind2='7' tag='650'><subfield code='a'>Kostiumy teatralne i filmowe</subfield><subfield code='2'>DBN</subfield></datafield><datafield ind1=' ' ind2='7' tag='650'><subfield code='a'>Teatr niemiecki</subfield><subfield code='2'>DBN</subfield></datafield><datafield ind1=' ' ind2='7' tag='651'><subfield code='a'>Niemcy</subfield><subfield code='2'>DBN</subfield></datafield><datafield ind1=' ' ind2='7' tag='655'><subfield code='a'>Akwatinta</subfield><subfield code='2'>DBN</subfield></datafield><datafield ind1=' ' ind2='7' tag='655'><subfield code='a'>Akwaforta</subfield><subfield code='2'>DBN</subfield></datafield><datafield ind1=' ' ind2=' ' tag='852'><subfield code='b'>48OMNIS_NETWORK</subfield><subfield code='8'>9911471432805606</subfield></datafield><datafield ind1=' ' ind2=' ' tag='852'><subfield code='b'>48OMNIS_NLOP</subfield><subfield code='8'>991052705491205066</subfield></datafield><datafield ind1=' ' ind2=' ' tag='852'><subfield code='8'>22634058530005066</subfield><subfield code='j'>1</subfield><subfield code='h'>G.14381/I</subfield><subfield code='b'>BN_PL</subfield><subfield code='p'>888a0716346</subfield><subfield code='c'>bikon</subfield></datafield><datafield ind1=' ' ind2=' ' tag='852'><subfield code='8'>22634058470005066</subfield><subfield code='j'>0</subfield><subfield code='h'>Neg.75195</subfield><subfield code='b'>BN_PL</subfield><subfield code='p'>888a0716360</subfield><subfield code='c'>bamf</subfield></datafield></record>
  </collection>
</resp>
